| 000 | 01270nam a22002297i 4500 | ||
|---|---|---|---|
| 999 |
_c23144 _d23144 |
||
| 003 | AR-CdUCM | ||
| 008 | 241212b20222022 pe||||| |||| 00| 0 spa d | ||
| 040 |
_aMUNICIPALIDAD PROVINCIAL DEL CUSCO _cBIBLIOTECA MUNICIPAL DEL CUSCO |
||
| 041 | _hspa | ||
| 082 |
_a780 / M95 _bM95 |
||
| 110 |
_aMunicipalidad Provincial de Chumbivilcas. _950851 |
||
| 245 |
_aConjunto Pancho Gómez Negrón : _b50 años de trayectoria artística / |
||
| 260 |
_aCusco: _bMunicipalidad Provincial de Chumbivilcas. _c2022 |
||
| 300 |
_a151 páginas. : _c35 cm. |
||
| 505 | _aHomenaje al conjunto musical Pancho Gómez Negrón -- Historia de Chumbivilcas -- Reseña histórica del conjunto Pancho Gómez Negrón -- Artistas que hicieron sus paso por el conjunto Pancho Gómez Negrón -- Situación legal que ampara al conjunto musical -- Biografía de los integrantes -- Cronología -- Conciertos musicales en la provincia -- Conjunción de connotados conjuntos musicales de Chumbivilcas -- Artículos de personalidades -- Reconocimiento y galardones -- Patrimonio Cultural Vivo de la Región Cusco. | ||
| 650 |
_aMúsica _91443 |
||
| 650 |
_aHistoria _950852 |
||
| 650 |
_aPersonalidades _931709 |
||
| 650 |
_aReconocimiento _950853 |
||
| 942 |
_2ddc _cLIBROS |
||
| 945 |
_apbj _d12-12-24 |
||